[Event "Karlsruhe Grenke op"]
[Site "Karlsruhe"]
[Date "2019.04.21"]
[Round "7"]
[White "Paltrinieri, Nicholas"]
[Black "Ondersteijn, Niels"]
[Result "0-1"]
[WhiteElo "2276"]
[BlackElo "2390"]
[PlyCount "96"]
[EventDate "2019.04.18"]
[EventType "swiss"]
[EventRounds "9"]
[EventCountry "GER"]
[SourceTitle "CBM 189 Extra"]
[Source "ChessBase"]
[SourceDate "2019.06.03"]
[SourceVersion "1"]
[SourceVersionDate "2019.06.03"]
[SourceQuality "1"]

1. d4 Nf6 2. Bg5 c5 3. Nc3 Qa5 4. Bxf6 gxf6 5. d5 f5 6. e3 Bg7 7. Nge2 d6 8. g3 Nd7 9. Bg2 Nb6 10. 0-0 Nc4 11. Rb1 Nxb2 12. Rxb2 Bxc3 13. Nxc3 Qxc3 14. Rb3 Qf6 15. Re1 h5 16. h4 c4 17. Rb4 Qc3 18. Qa1 Qxb4 19. Qxh8+ Kd7 20. Rd1 Kc7 21. Bh3 f4 22. exf4 Bg4 23. Qxa8 Bxd1 24. Qc8+ Kb6 25. Bf1 Bxc2 26. a3 Qc5 27. Qd8+ Ka6 28. Qxe7 b5 29. Qxf7 c3 30. Qe8 Be4 31. Bxb5+ Kb6 32. Qb8+ Ka5 33. Qb7 Qb6 34. Qc8 Kxb5 35. Qe8+ Kc4 36. Qxe4+ Qd4 37. Qc2 Qd2 38. Qa4+ Kd3 39. Qb5+ Kc2 40. f5 Qe1+ 41. Kg2 Qe4+ 42. f3 Qxf5 43. Qe2+ Kc1 44. Qf1+ Kb2 45. Qb5+ Ka1 46. Qb3 Qd3 47. a4 Qe2+ 48. Kg1 Qb2 0-1

[Event "NED-chT 1718"]
[Site "Netherlands"]
[Date "2018.02.03"]
[Round "6.8"]
[White "Blees, Albert"]
[Black "Ondersteijn, Niels"]
[Result "0-1"]
[WhiteElo "2374"]
[BlackElo "2379"]
[PlyCount "76"]
[EventDate "2017.09.16"]
[EventType "team-tourn"]
[EventRounds "9"]
[EventCountry "NED"]
[SourceTitle "EXT 2019"]
[Source "ChessBase"]
[SourceDate "2018.10.10"]
[SourceVersion "1"]
[SourceVersionDate "2018.10.10"]
[SourceQuality "1"]
[WhiteTeam "Rotterdam Pathena"]
[BlackTeam "Calder HMC"]
[WhiteTeamCountry "NED"]
[BlackTeamCountry "NED"]

1. c4 g6 2. Nf3 c5 3. g3 Nc6 4. Bg2 Bg7 5. 0-0 d6 6. Nc3 e5 7. d3 Nge7 8. Ne1 Be6 9. Nd5 0-0 10. Nc2 Rb8 11. a4 h6 12. Rb1 a5 13. b3 f5 14. f4 Kh7 15. Kh1 Nb4 16. Ncxb4 axb4 17. e4 Nxd5 18. exd5 Bd7 19. Be3 Re8 20. Re1 exf4 21. Bxf4 Qf6 22. d4 g5 23. Be3 f4 24. gxf4 gxf4 25. Bf2 Rxe1+ 26. Qxe1 f3 27. Bf1 Re8 28. Bd3+ Kh8 29. Qd2 Bh3 30. dxc5 dxc5 31. Re1 Rf8 32. Qe3 Qd4 33. Qxd4 Bxd4 34. Bxd4+ cxd4 35. Bf1 f2 36. Rc1 Re8 37. Bxh3 Re1+ 38. Kg2 f1Q+ 0-1

[Event "NED-chT 1718"]
[Site "Netherlands"]
[Date "2017.12.16"]
[Round "5.5"]
[White "Erwich, Frank"]
[Black "Ondersteijn, Niels"]
[Result "1/2-1/2"]
[WhiteElo "2346"]
[BlackElo "2379"]
[PlyCount "49"]
[EventDate "2017.09.16"]
[EventType "team-tourn"]
[EventRounds "9"]
[EventCountry "NED"]
[SourceTitle "EXT 2019"]
[Source "ChessBase"]
[SourceDate "2018.10.10"]
[SourceVersion "1"]
[SourceVersionDate "2018.10.10"]
[SourceQuality "1"]
[WhiteTeam "BSG"]
[BlackTeam "Calder HMC"]
[WhiteTeamCountry "NED"]
[BlackTeamCountry "NED"]

1. e4 e5 2. Nf3 d6 3. d4 exd4 4. Nxd4 Nf6 5. Nc3 Be7 6. Nde2 c6 7. g3 b5 8. a3 0-0 9. Bg2 a6 10. 0-0 Re8 11. h3 Bb7 12. g4 Nfd7 13. Ng3 g6 14. f4 c5 15. g5 Nb6 16. b3 Nc6 17. Nd5 Nxd5 18. exd5 Nd4 19. c3 Nf5 20. Nxf5 gxf5 21. Qc2 Qd7 22. h4 Bf8 23. Bh3 Bc8 24. Bd2 c4 25. b4 1/2-1/2

[Event "NED-chT 1718"]
[Site "Netherlands"]
[Date "2017.11.04"]
[Round "3.10"]
[White "Van der Werf, Mark"]
[Black "Ondersteijn, Niels"]
[Result "1-0"]
[WhiteElo "2400"]
[BlackElo "2379"]
[PlyCount "51"]
[EventDate "2017.09.16"]
[EventType "team-tourn"]
[EventRounds "9"]
[EventCountry "NED"]
[SourceTitle "EXT 2019"]
[Source "ChessBase"]
[SourceDate "2018.10.10"]
[SourceVersion "1"]
[SourceVersionDate "2018.10.10"]
[SourceQuality "1"]
[WhiteTeam "Leiden LSG"]
[BlackTeam "Calder HMC"]
[WhiteTeamCountry "NED"]
[BlackTeamCountry "NED"]

1. Nf3 Nf6 2. c4 g6 3. Nc3 c5 4. e4 Nc6 5. d4 cxd4 6. Nxd4 d6 7. Nc2 Bg7 8. Be2 0-0 9. 0-0 Nd7 10. Be3 Bxc3 11. bxc3 Nc5 12. f3 Qa5 13. Qd2 Na4 14. Nb4 Nxc3 15. Nxc6 Nxe2+ 16. Kf2 Qc7 17. Nb4 Qxc4 18. Nd5 e6 19. Ne7+ Kh8 20. Nxc8 Raxc8 21. Qxe2 Qa4 22. Rac1 Rc6 23. Qb2+ e5 24. Qb3 Qa6 25. Rxc6 bxc6 26. Bh6 1-0

[Event "NED-chT 1617"]
[Site "Netherlands"]
[Date "2017.02.04"]
[Round "6.8"]
[White "Ondersteijn, Niels"]
[Black "Van der Lende, Ilias"]
[Result "0-1"]
[WhiteElo "2391"]
[BlackElo "2347"]
[PlyCount "90"]
[EventDate "2016.09.17"]
[EventType "team-tourn"]
[EventRounds "9"]
[EventCountry "NED"]
[SourceTitle "EXT 2018"]
[Source "ChessBase"]
[SourceDate "2017.10.13"]
[SourceVersion "1"]
[SourceVersionDate "2017.10.13"]
[SourceQuality "1"]
[WhiteTeam "Calder HMC"]
[BlackTeam "Kennemer Combinatie"]
[WhiteTeamCountry "NED"]
[BlackTeamCountry "NED"]

1. b3 e5 2. Bb2 Nc6 3. e3 d5 4. Bb5 Bd6 5. f4 Qh4+ 6. g3 Qe7 7. Nf3 f6 8. Nc3 Qf7 9. fxe5 fxe5 10. d4 e4 11. Ne5 Bxe5 12. dxe5 Be6 13. Rf1 Qg6 14. Ne2 Nge7 15. Nf4 Qh6 16. Qh5+ Qxh5 17. Nxh5 Rg8 18. Nf4 Bg4 19. h3 Bf3 20. Ne6 Rc8 21. Ng5 Bg2 22. Rf2 h6 23. Rxg2 hxg5 24. Kd2 Kd7 25. c4 a6 26. Bxc6+ bxc6 27. Rc1 Rh8 28. Rh2 Nf5 29. cxd5 cxd5 30. e6+ Kxe6 31. Rc6+ Kd7 32. Rg6 Nxg3 33. Rf2 Rhf8 34. Rxg7+ Kc6 35. Rxf8 Rxf8 36. Be5 Rf2+ 37. Kc3 Ne2+ 38. Kb4 d4 39. exd4 e3 40. Rxc7+ Kd5 41. Rd7+ Ke4 42. Bg7 Nf4 43. Kc5 Ne6+ 44. Kb6 e2 45. Re7 Kf5 0-1

[Event "NED-chT 1617"]
[Site "Netherlands"]
[Date "2016.11.05"]
[Round "3.7"]
[White "Den Hartog, Marijn"]
[Black "Ondersteijn, Niels"]
[Result "1-0"]
[WhiteElo "2190"]
[BlackElo "2391"]
[PlyCount "71"]
[EventDate "2016.09.17"]
[EventType "team-tourn"]
[EventRounds "9"]
[EventCountry "NED"]
[SourceTitle "EXT 2018"]
[Source "ChessBase"]
[SourceDate "2017.10.13"]
[SourceVersion "1"]
[SourceVersionDate "2017.10.13"]
[SourceQuality "1"]
[WhiteTeam "Rotterdam Pathena"]
[BlackTeam "Calder HMC"]
[WhiteTeamCountry "NED"]
[BlackTeamCountry "NED"]

1. e4 Nf6 2. e5 Nd5 3. d4 d6 4. Nf3 dxe5 5. Nxe5 g6 6. Bc4 Be6 7. 0-0 Bg7 8. Qe2 0-0 9. Rd1 c6 10. Bb3 a5 11. c4 Nc7 12. Nc3 Nd7 13. Bf4 Nxe5 14. Bxe5 Bh6 15. d5 cxd5 16. cxd5 Bf5 17. d6 exd6 18. Bxd6 Re8 19. Qc4 Ne6 20. Be5 Qc8 21. Qh4 Bg7 22. Bxg7 Kxg7 23. Rac1 g5 24. Qg3 Qb8 25. Qf3 Nf4 26. Nd5 Ne2+ 27. Kh1 Qe5 28. Rc7 Nd4 29. Qc3 a4 30. Bc4 b5 31. Ne3 Qxc7 32. Nxf5+ Kg6 33. Rxd4 bxc4 34. Rd6+ Qxd6 35. Nxd6 Rad8 36. Qc2+ 1-0

[Event "NED-chT 1516"]
[Site "Netherlands"]
[Date "2016.04.23"]
[Round "9.4"]
[White "Ondersteijn, Niels"]
[Black "Vereggen, Lars"]
[Result "1/2-1/2"]
[WhiteElo "2415"]
[BlackElo "2340"]
[PlyCount "87"]
[EventDate "2015.09.26"]
[EventType "team-tourn"]
[EventRounds "9"]
[EventCountry "NED"]
[SourceTitle "EXT 2017"]
[Source "ChessBase"]
[SourceDate "2016.10.25"]
[SourceVersion "1"]
[SourceVersionDate "2016.10.25"]
[SourceQuality "1"]
[WhiteTeam "Calder HMC"]
[BlackTeam "Rotterdam Pathena"]
[WhiteTeamCountry "NED"]
[BlackTeamCountry "NED"]

1. d4 Nf6 2. c4 g6 3. Nc3 d5 4. Nf3 Bg7 5. Qb3 dxc4 6. Qxc4 0-0 7. e4 c6 8. Be2 b5 9. Qb3 Qa5 10. Bd2 b4 11. Na4 Nxe4 12. Bxb4 Qc7 13. 0-0 Be6 14. Qe3 Nd6 15. Qf4 Qd8 16. Rfd1 Nf5 17. Nc3 Bh6 18. Qe4 Bd5 19. Nxd5 cxd5 20. Qc2 Qc8 21. Qxc8 Rxc8 22. g4 Nc6 23. Bc5 Nd6 24. Ba6 Rcb8 25. Ne5 Nxe5 26. dxe5 Ne4 27. Bxe7 Rxb2 28. Rab1 Rxa2 29. Bb7 Re8 30. Bxd5 Rxf2 31. g5 Bf8 32. Bxe4 Rf4 33. Bxf8 Kxf8 34. Bg2 Rxe5 35. Ra1 a5 36. Rd8+ Kg7 37. Rd5 Rxd5 38. Bxd5 Rg4+ 39. Kf2 Rxg5 40. Rxa5 Rf5+ 41. Kg3 h5 42. h3 Kh6 43. Rb5 Kg7 44. Bc4 1/2-1/2